Dominance testing of social sector expedintures and taxes in Africa

Gespeichert in:
Bibliographische Detailangaben
1. Verfasser: Sahn, David E.
Weitere Verfasser: Younger, Stephen D.
Format: Buch
Sprache:Englisch
Veröffentlicht: Washington International Monetary Fund 1999
Schriftenreihe:IMF Working Paper WP/99/172
Schlagworte:
Tags: Tag hinzufügen
Keine Tags, Fügen Sie das erste Tag hinzu!

MARC

LEADER 00000nam a2200000 4500
001 c123957
005 20221221082107.1
041 0 |a eng 
044 |a US 
245 1 0 |a Dominance testing of social sector expedintures and taxes in Africa  |c David E. Sahn and Stephen D. Younger 
264 1 |a Washington  |b International Monetary Fund  |c 1999 
300 |a 44 s. 
490 1 |a IMF Working Paper  |v WP/99/172 
830 0 |a IMF Working Paper  |v WP/99/172 
610 2 0 |a výdavky na potreby sociálne 
610 2 0 |a dane 
610 2 0 |a Afrika 
100 1 |a Sahn, David E. 
700 1 |a Younger, Stephen D.